Capital cities without the letter A - Statistics

General Stats
  • This quiz has been taken 81 times
    47 since last reset
  • The average score is 37 of 49
Answer Stats
Answer % Correct
New Delhi
96%
Berlin
93%
Helsinki
93%
Lisbon
93%
London
93%
Oslo
93%
Stockholm
93%
Tokyo
93%
Beijing
89%
Bern
89%
Kiev
89%
Minsk
89%
Moscow
89%
Vilnius
89%
Kingston
86%
Kingstown
86%
Rome
86%
Dublin
82%
Mexico City
82%
Seoul
82%
Tbilisi
82%
Wellington
82%
Brussels
79%
Freetown
79%
Quito
79%
Djibouti
75%
Georgetown
75%
Phnom Penh
75%
Tripoli
75%
Tunis
75%
Beirut
71%
Dili
71%
Luxembourg
71%
Montevideo
71%
Bloemfontein
68%
Lome
68%
Port Moresby
68%
Bishkek
64%
Moroni
64%
Thimphu
64%
Skopje
61%
Windhoek
61%
Bridgetown
57%
Porto Novo
57%
Sucre
57%
Ngerulmud
54%
Port Louis
54%
Libreville
36%
Lilongwe
36%
No matching quizzes found
Score Distribution
Percent of People with Each Score
Percentile by Number Answered
Your Score History
You have not taken this quiz since the last reset